Statistics for Top 15 Countries with Covid-19 Cases - 19 Apr 2021

Click here to take the quiz!

General Stats

  • This quiz has been taken 23 times
  • The average score is 17 of 28

Answer Stats

country% Correct
United States
100%
Brazil
96%
Spain
96%
United Kingdom
91%
India
87%
Italy
87%
Argentina
83%
France
83%
Germany
83%
Russia
83%
Mexico
78%
Poland
74%
Colombia
70%
Portugal
70%
Sweden
65%
Belgium
61%
Netherlands
57%
Iran
48%
Turkey
48%
Czechia
35%
Hungary
30%
Serbia
26%
Slovenia
26%
Israel
22%
Panama
22%
Bahrain
17%
Estonia
17%
Lithuania
17%

Score Distribution

Percentile by Number Answered

Percent of People with Each Score

Your Score History

You have not taken this quiz